MARC details
| 000 -LEADER |
| fixed length control field |
01767nam a2200553 i 4500 |
| 001 - CONTROL NUMBER |
| control field |
991023112359705066 |
| 003 - CONTROL NUMBER IDENTIFIER |
| control field |
NyNyJPI |
| 005 - DATE AND TIME OF LATEST TRANSACTION |
| control field |
20260413201214.0 |
| 008 - FIXED-LENGTH DATA ELEMENTS--GENERAL INFORMATION |
| fixed length control field |
140424s2014 pl a |000 0 pol |
| 009 - PHYSICAL DESCRIPTION FIXED-FIELD FOR ARCHIVAL COLLECTION (VM) [OBSOLETE] |
| fixed length control field |
b0000003060207 |
| 015 ## - NATIONAL BIBLIOGRAPHY NUMBER |
| National bibliography number |
UWD 2014/14445 |
| 020 ## - INTERNATIONAL STANDARD BOOK NUMBER |
| International Standard Book Number |
9788393681198 |
| 035 ## - SYSTEM CONTROL NUMBER |
| System control number |
991023112359705066 |
| 035 ## - SYSTEM CONTROL NUMBER |
| System control number |
(PL-WaBN)b30602075-48omnis_nlop |
| 035 ## - SYSTEM CONTROL NUMBER |
| System control number |
b30602075 |
| 035 ## - SYSTEM CONTROL NUMBER |
| System control number |
(OCoLC)883507902 |
| 035 ## - SYSTEM CONTROL NUMBER |
| System control number |
xx003101682 |
| 035 ## - SYSTEM CONTROL NUMBER |
| System control number |
(PL)b0000003060207 |
| 035 ## - SYSTEM CONTROL NUMBER |
| System control number |
(EXLNZ-48OMNIS_NETWORK)9910024813205606 |
| 040 ## - CATALOGING SOURCE |
| Original cataloging agency |
WA N |
| Transcribing agency |
WA N |
| Modifying agency |
WA N |
| 041 0# - LANGUAGE CODE |
| Language code of text/sound track or separate title |
pol |
| -- |
eng |
| 044 ## - COUNTRY OF PUBLISHING/PRODUCING ENTITY CODE |
| MARC country code |
xxu |
| -- |
pl |
| 080 ## - UNIVERSAL DECIMAL CLASSIFICATION NUMBER |
| Universal Decimal Classification number |
913(73) |
| 080 ## - UNIVERSAL DECIMAL CLASSIFICATION NUMBER |
| Universal Decimal Classification number |
929-051(438)"19" |
| 080 ## - UNIVERSAL DECIMAL CLASSIFICATION NUMBER |
| Universal Decimal Classification number |
929-051(438)"20" |
| 084 ## - OTHER CLASSIFICATION NUMBER |
| Classification number |
10 |
| 100 1# - MAIN ENTRY--PERSONAL NAME |
| Personal name |
Skowron, Anna L. |
| 245 10 - TITLE STATEMENT |
| Title |
Podróż z biletem szczęścia / |
| Statement of responsibility, etc. |
Anna i Janusz Skowron. |
| 260 ## - PUBLICATION, DISTRIBUTION, ETC. |
| Place of publication, distribution, etc. |
Nowy Jork ; |
| -- |
Kolbuszowa : |
| Name of publisher, distributor, etc. |
Abakus, |
| Date of publication, distribution, etc. |
2014. |
| 300 ## - PHYSICAL DESCRIPTION |
| Extent |
166, [1] s. : |
| Other physical details |
il. ; |
| Dimensions |
21 cm + |
| Accompanying material |
Dodatek : [1] k. tabl. złoż. |
| 336 ## - CONTENT TYPE |
| Content type term |
Tekst |
| Content type code |
txt |
| Source |
rdacontent |
| 337 ## - MEDIA TYPE |
| Media type term |
Bez urządzenia pośredniczącego |
| Media type code |
n |
| Source |
rdamedia |
| 338 ## - CARRIER TYPE |
| Carrier type term |
Wolumin |
| Carrier type code |
nc |
| Source |
rdacarrier |
| 380 ## - FORM OF WORK |
| Form of work |
Książki |
| 500 ## - GENERAL NOTE |
| General note |
Dod.: Spóźnione słowo Zbyszka : Janusz i Ania - Podróż z biletem szczęścia / Zbigniew Lenart. |
| 546 ## - LANGUAGE NOTE |
| Language note |
Tekst częśc. ang. |
| 600 17 - SUBJECT ADDED ENTRY--PERSONAL NAME |
| Personal name |
Skowron, Anna L. |
| Source of heading or term |
DBN |
| 600 17 - SUBJECT ADDED ENTRY--PERSONAL NAME |
| Personal name |
Skowron, Janusz |
| Dates associated with a name |
(1958- ) |
| Source of heading or term |
DBN |
| 648 #7 - SUBJECT ADDED ENTRY--CHRONOLOGICAL TERM |
| Chronological term |
1901-2000 |
| Source of heading or term |
DBN |
| 648 #7 - SUBJECT ADDED ENTRY--CHRONOLOGICAL TERM |
| Chronological term |
1989-2000 |
| Source of heading or term |
DBN |
| 648 #7 - SUBJECT ADDED ENTRY--CHRONOLOGICAL TERM |
| Chronological term |
2001- |
| Source of heading or term |
DBN |
| 651 #7 - SUBJECT ADDED ENTRY--GEOGRAPHIC NAME |
| Geographic name |
Stany Zjednoczone (USA) |
| Source of heading or term |
DBN |
| 655 #7 - INDEX TERM--GENRE/FORM |
| Genre/form data or focus term |
Literatura podróżnicza polska |
| Chronological subdivision |
od 1989 r. |
| Source of term |
DBN |
| 658 ## - INDEX TERM--CURRICULUM OBJECTIVE |
| Main curriculum objective |
Historia |
| 700 1# - ADDED ENTRY--PERSONAL NAME |
| Personal name |
Skowron, Janusz |
| Dates associated with a name |
(1958- ) |
| 700 12 - ADDED ENTRY--PERSONAL NAME |
| Personal name |
Lenart, Zbigniew |
| Dates associated with a name |
(1956- ). |
| Title of a work |
Spóźnione słowo Zbyszka |
| 710 2# - ADDED ENTRY--CORPORATE NAME |
| Corporate name or jurisdiction name as entry element |
Abakus |
| Relationship |
pbl |
| 942 ## - ADDED ENTRY ELEMENTS (KOHA) |
| Source of classification or shelving scheme |
Other/Generic Classification Scheme |
| Koha item type |
Books |
| Suppress in OPAC |
No |